عرض عادي عرض مارك
  • Gansner, Emden R.,

مدخل إسم شخص

عدد التسجيلات المستخدمة في: 1

001 - رقم الضبط

  • حقل الضبط: 18881

003 - معرف رقم الضبط

  • حقل الضبط: OSt

005 - تاريخ ووقت أخر عملية

  • حقل الضبط: 20121227183831.0

008 - عناصر بيانات ثابتة الطول

  • حقل تحكم ثابت الطول: 121227|||a|||||| | ||| d

040 ## - مصدر الفهرسة

  • هيئة الفهرسة الأصلية: OSt
  • وكالة الكتابة: OSt

100 ## - مدخل -- أسم شخص

  • إسم شخص: Gansner, Emden R.,
  • تواريخ مرتبطة بالاسم: 1950-

670 ## - بيانات المصدر موجوده

  • الاستشهاد بالمصدر: Work cat.: (OSt)0: Symposium on Graph Drawing (17th : 2009 : Chicago, Ill.) 18877, Graph drawing, c2010.